| 000 | 01566cam a2200325 a 4500 | ||
|---|---|---|---|
| 999 |
_c10414 _d10414 |
||
| 001 | 11791537 | ||
| 003 | OSt | ||
| 005 | 20191220141520.0 | ||
| 008 | 990917s2000 nyu b 000 0 eng | ||
| 010 | _a 99048779 | ||
| 020 | _a0195109023 | ||
| 020 | _a0195109031 (pbk.) | ||
| 040 | _coclc | ||
| 082 | 0 | 0 |
_a338.9 _221 _bSOL/G |
| 100 |
_aSolow, Robert M _9619 |
||
| 245 | 1 | 0 |
_aGrowth theory : _ban exposition / _cRobert M Solow |
| 250 | _a2nd ed. | ||
| 260 |
_aNew York : _bOxford University Press, _c2000. |
||
| 300 |
_a190 p. : _bill. ; _c22 cm. |
||
| 500 | _a"The Radcliffe Lectures, delivered in the University of Warwick, 1969; Nobel Prize lecture, 1987; The Siena Lectures, delivered in the University of Siena, 1992." | ||
| 500 | _aIncludes the 6 chapters of the first edition, his Nobel lecture, and seven new chapters, six of these based on his 1992 lectures at the University of Siena. | ||
| 504 | _aIncludes bibliographical references (p. 187-190). | ||
| 650 | 0 | _aEconomic development. | |
| 856 | 4 | 2 |
_3Publisher description _uhttp://www.loc.gov/catdir/enhancements/fy0605/99048779-d.html |
| 856 | 4 | 1 |
_3Table of contents only _uhttp://www.loc.gov/catdir/enhancements/fy0605/99048779-t.html |
| 906 |
_a7 _bcbc _corignew _d1 _eocip _f19 _gy-gencatlg |
||
| 942 |
_2ddc _cBK _h338.9 _iSOL/G _k338.9 _mSOL/G |
||